[Event "XXVIII Open"]
[Site "Zalakaros HUN"]
[Date "2009.05.11"]
[Round "4"]
[White "Banusz,T"]
[Black "Berczes,C"]
[Result "1-0"]
[WhiteElo "2502"]
[BlackElo "2381"]

1.d4 Nf6 2.c4 e6 3.Nc3 Bb4 4.Qc2 O-O 5.e4 c5 6.e5 cxd4 7.a3 dxc3 8.axb4 Ne8
9.Qxc3 d6 10.Be3 Qc7 11.b5 Nd7 12.b6 Qc6 13.exd6 Nxd6 14.Nf3 e5 15.Be2 Ne4
16.Qc2 f5 17.bxa7 f4 18.Bc1 g5 19.b4 Nef6 20.b5 Qe4 21.Qxe4 Nxe4 22.Bb2 Re8
23.h3 h6 24.O-O Nec5 25.Rfd1 e4 26.Nd4 Ne5 27.Bh5 Rd8 28.Nf3 Rxd1+ 29.Rxd1 Ncd3
30.Bxe5 Be6 31.Bb8 Bxc4 32.Nd4  1-0

[Event "Limpedea Cup"]
[Site "Baia Sprie ROM"]
[Date "2009.05.12"]
[Round "2"]
[White "Shishkin,Va UKR"]
[Black "Petkov,V"]
[Result "0-1"]
[WhiteElo "2498"]
[BlackElo "2481"]

1.d4 Nf6 2.c4 e6 3.Nc3 Bb4 4.Qc2 O-O 5.e4 d6 6.a3 Bxc3+ 7.bxc3 e5 8.Bd3 Nbd7
9.Ne2 Nb6 10.f4 exf4 11.Nxf4 Be6 12.Nxe6 fxe6 13.O-O e5 14.Bg5 Qe7 15.Rf5 Qe6
16.c5 Nbd7 17.d5 Qe8 18.Bb5 a6 19.Bxd7 Nxd7 20.Rxf8+ Qxf8 21.Rf1 Qe8 22.Be3 Qg6
23.c6 bxc6 24.dxc6 Nf8 25.Qb3+ Ne6 26.Qc4 h6 27.g3 Kh7 28.a4 Rb8 29.Kg2 a5
30.h4 Qg4 31.Rf2 Rb1 32.Qd3 Rd1 33.Qc2 Re1 34.Qd3 Nd8 35.c4 Nxc6 36.c5 Nb4
37.Qd2 Qxe4+  0-1

[Event "ch-ESP Universities"]
[Site "La Pineda de Vila-Seca ESP"]
[Date "2009.05.14"]
[Round "9"]
[White "Serna Lara,S"]
[Black "Gutierrez Olivares,D"]
[Result "0-1"]
[WhiteElo "2276"]
[BlackElo "2156"]

1.d4 e6 2.c4 Nf6 3.Nc3 Bb4 4.Qc2 O-O 5.Nf3 b6 6.e4 d5 7.e5 Ne4 8.Bd3 Bb7
9.O-O Bxc3 10.bxc3 c5 11.cxd5 exd5 12.Rd1 Qc8 13.Ng5 cxd4 14.Nxe4 dxe4 15.Bxe4 dxc3
16.Bxh7+ Kh8 17.Rd3 Qc6 18.Rg3 g6 19.Bxg6 fxg6 20.Rxg6 Qe4 21.Qxe4 Bxe4 22.Rg3 c2
23.Bb2 Nc6 24.f3 Bf5 25.e6+ Kh7 26.Re1 Rg8 27.Rxg8 Rxg8 28.g4 Nb4 29.e7 Bg6
30.Ba3 Nxa2 31.h4 Rc8 32.h5 Be8 33.Kf2 b5 34.f4  0-1

[Event "82nd ch-St Petersburg"]
[Site "St Petersburg RUS"]
[Date "2009.05.17"]
[Round "10"]
[White "Goganov,A"]
[Black "Ivanov,Sergey1"]
[Result "1/2-1/2"]
[WhiteElo "2462"]
[BlackElo "2551"]

1.d4 Nf6 2.c4 e6 3.Nc3 Bb4 4.Qc2 O-O 5.a3 Bxc3+ 6.Qxc3 d6 7.f3 c5 8.dxc5 dxc5
9.Bg5 Nc6 10.e3 e5 11.Bd3 h6 12.Bxf6 Qxf6 13.Be4 Qg5 14.Kf2 Qh4+ 15.g3 Qf6
16.Ne2 Bf5 17.Qc2 Bxe4 18.Qxe4 Rad8 19.Rad1 Qe6 20.Rd5 f5 21.Qc2 f4 22.gxf4 Rxd5
23.cxd5 Qxd5 24.Rg1 exf4 25.Nxf4 Qf5 26.Qxf5 Rxf5 27.h4 c4 28.Rd1 Rb5 29.Rd2 g5
30.hxg5 hxg5 31.Ne2 Ne5 32.Nc1 Kf7 33.Rc2 Ke6 34.f4 gxf4 35.exf4 Ng4+ 36.Kf3 Nf6
37.Rxc4 Rxb2 38.Rd4 b5 39.a4 Rc2 40.Ne2 Rb2 41.axb5 Rb3+ 42.Kf2 Rxb5  1/2-1/2

[Event "ch-UKR w"]
[Site "Evpatoria UKR"]
[Date "2009.05.24"]
[Round "2"]
[White "Yushko,O"]
[Black "Gritsayeva,O"]
[Result "0-1"]
[WhiteElo "2113"]
[BlackElo "2325"]

1.d4 Nf6 2.c4 e6 3.Nc3 Bb4 4.Qc2 O-O 5.Nf3 b6 6.a3 Bxc3+ 7.Qxc3 Bb7 8.Bg5 h6
9.Bh4 d6 10.e3 Nbd7 11.Be2 Qe7 12.Bxf6 Nxf6 13.O-O Ne4 14.Qc2 f5 15.b4 Rf6
16.Ne1 a5 17.f3 Ng5 18.Nd3 e5 19.f4 exf4 20.exf4 Qe3+ 21.Kh1 Ne6 22.Rae1 Nxd4
23.Qb2 Nxe2 24.Qxe2 Qd4 25.Rc1 Rg6 26.Ne1 axb4 27.axb4 Kh7 28.Qc2 Re8 29.Rd1 Qe4
30.Qxe4 Rxe4 31.Rc1 Re2 32.Rg1 Rb2 33.b5 Be4 34.Ra1 Rb4 35.Rc1 Rb3 36.Rf1 Rb2
37.Rg1 Rf2 38.Ra1 Re6 39.h3 Rxf4 40.Kh2 Rf2 41.Kg3 Re2 42.h4 g5 43.hxg5 hxg5
44.Rh1+ Kg7 45.Rh5 Kg6 46.Rh8 f4+ 47.Kh3 Bf5+ 48.Kh2 Rxe1 49.Rg8+ Kf7  0-1

[Event "Open Univ La Punta CAA"]
[Site "Buenos Aires ARG"]
[Date "2009.05.25"]
[Round "1"]
[White "Novoa,F"]
[Black "Quiroga,F"]
[Result "0-1"]
[WhiteElo "1822"]
[BlackElo "2329"]

1.d4 Nf6 2.c4 e6 3.Nc3 Bb4 4.Qc2 O-O 5.Nf3 Nc6 6.e3 d6 7.Be2 e5 8.dxe5 dxe5
9.O-O Bxc3 10.bxc3 Bg4 11.Ba3 Re8 12.Rfd1 Qc8 13.e4 h6 14.Ne1 Bxe2 15.Qxe2 Qe6
16.Nf3 Na5 17.Nd2 Rad8 18.f3 Qa6 19.Bb4 Rd7 20.Rab1 Red8 21.Nb3 Qxc4 22.Rxd7 Rxd7
23.Qxc4 Nxc4 24.Nc5 Rd2 25.Nxb7 Rxa2 26.Bc5 Nh5 27.Rf1 Nf4 28.Bf2 Nd2 29.Rd1 Ne2+
30.Kh1 Nxc3 31.Re1 Nxf3  0-1

[Event "ch-UKR w"]
[Site "Evpatoria UKR"]
[Date "2009.05.25"]
[Round "3"]
[White "Petrova,I"]
[Black "Aslanian,L"]
[Result "1/2-1/2"]
[WhiteElo "1986"]
[BlackElo "2145"]

1.d4 Nf6 2.c4 e6 3.Nc3 Bb4 4.Qc2 O-O 5.a3 Bxc3+ 6.Qxc3 b6 7.Qf3 d5 8.Bg5 Nbd7
9.cxd5 exd5 10.e3 Bb7 11.Bb5 c6 12.Bd3 Qe8 13.Ne2 Ne4 14.Bf4 f5 15.Bxe4 dxe4
16.Qg3 Ba6 17.Nc3 Qe6 18.f3 Qb3 19.Qf2 Bd3 20.Qd2 a5 21.Kf2 Qe6 22.Rhc1 h6
23.Kg1 Rfc8 24.fxe4 fxe4 25.Nd1 c5 26.Nf2 c4 27.a4 Nf6 28.Be5 Nd5 29.Nh3 Rf8
30.Nf4 Qd7 31.Ng6 Rf7 32.Bg3 Qe8 33.Ne5 Rf8 34.Nxc4 Rc8 35.Ne5 Ba6 36.Rxc8 Qxc8
37.Rc1 Qf5 38.h3 Qg5 39.Bf2 Qf5 40.Rc2 Kh7 41.Rc6 Rd8 42.Rc1 Bb7 43.Rf1 Ba6
44.Rc1  1/2-1/2

[Event "ch-UKR w"]
[Site "Evpatoria UKR"]
[Date "2009.05.27"]
[Round "5"]
[White "Huda,Mary"]
[Black "Tsirulnik,Mari"]
[Result "1-0"]
[WhiteElo "2247"]
[BlackElo "2094"]

1.d4 Nf6 2.c4 e6 3.Nc3 Bb4 4.Qc2 O-O 5.a3 Bxc3+ 6.Qxc3 d5 7.Bg5 Nc6 8.e3 h6
9.Bxf6 Qxf6 10.Nf3 Bd7 11.b4 dxc4 12.Bxc4 a6 13.O-O Rac8 14.a4 Qe7 15.Rfb1 Nd8
16.Ne5 Be8 17.Nd3 c6 18.Nc5 Rc7 19.e4 f6 20.Qb3 Bf7 21.e5 Re8 22.f4 fxe5
23.fxe5 Qh4 24.Qe3 Bg6 25.Rf1 Rce7 26.Rf4  1-0

[Event "XXXI Nezhmetdinov Mem"]
[Site "Kazan RUS"]
[Date "2009.05.31"]
[Round "1"]
[White "Sadykov,Air"]
[Black "Alavkin,A"]
[Result "0-1"]
[WhiteElo "2095"]
[BlackElo "2460"]

1.d4 Nf6 2.c4 e6 3.Nc3 Bb4 4.Qc2 O-O 5.a3 Bxc3+ 6.Qxc3 b5 7.cxb5 c6 8.bxc6 Nxc6
9.Bg5 Ba6 10.e3 Bxf1 11.Kxf1 Qb6 12.Bxf6 gxf6 13.Ne2 Rab8 14.b4 a5 15.Qc5 Qa6
16.Qh5 Rb5 17.Qg4+ Rg5 18.Qf4 axb4 19.h4 Rg7 20.d5 exd5 21.Qxf6 d4 22.exd4 Re8
23.Re1 Rg6 24.Qf4 bxa3 25.h5 Rg7 26.d5 a2 27.Qf6 Rxe2 28.dxc6 Rxe1+ 29.Kxe1 a1=Q+  0-1

[Event "Copper State Int"]
[Site "Mesa USA"]
[Date "2009.06.01"]
[Round "7"]
[White "Ristovic,N"]
[Black "Harmon,L"]
[Result "1-0"]
[WhiteElo "2252"]
[BlackElo "2011"]

1.d4 Nf6 2.c4 e6 3.Nc3 Bb4 4.Qc2 O-O 5.Nf3 d5 6.e3 c5 7.a3 Bxc3+ 8.bxc3 Nc6
9.Be2 Qc7 10.a4 Re8 11.O-O b6 12.Ba3 cxd4 13.cxd4 Bb7 14.c5 Rac8 15.Rfc1 bxc5
16.dxc5 e5 17.h3 d4 18.e4 Ne7 19.Nd2 a6 20.f3 Ng6 21.Nc4 Red8 22.Nb6 Rb8
23.g3 Ne7 24.Bc4 Nc8 25.a5 Ne7 26.Qd3 Nc6 27.Bb2 Nb4 28.Qb3 Nc6 29.Qd3 Kh8
30.Ra4 Nh5 31.Kh2 Qe7 32.Ba3 Qg5 33.Rg1 f6 34.Bc1 Qg6 35.Qb3 Rf8 36.Nd7 Qe8
37.Nxb8 Qxb8 38.Qb6 Qc8 39.Ra3 Qd7 40.Bxa6 Bxa6 41.Qxa6 Rb8 42.Rg2 g6 43.Rb2 Rc8
44.Qc4 Ng7 45.a6 Ne6 46.Rb7 Qe8 47.a7 Ra8 48.Ra6 Ned8 49.Rc7 h5 50.h4 f5
51.Bg5  1-0

[Event "59th ch-RUS w HL"]
[Site "Voronezh RUS"]
[Date "2009.06.01"]
[Round "1"]
[White "Savina,A"]
[Black "Demina,J"]
[Result "1/2-1/2"]
[WhiteElo "2258"]
[BlackElo "2375"]

1.d4 Nf6 2.c4 e6 3.Nc3 Bb4 4.Qc2 O-O 5.a3 Bxc3+ 6.Qxc3 b6 7.Nf3 Bb7 8.e3 d6
9.Be2 Ne4 10.Qc2 f5 11.O-O Nd7 12.b4 Rf6 13.d5 Rg6 14.Nd4 Qg5 15.g3 Ne5 16.Nxe6 Rxe6
17.dxe6 Qg6 18.Rd1 Ng5 19.Rd5 Nef3+ 20.Bxf3 Nxf3+ 21.Kf1 Qg4 22.Bb2 Qh3+
23.Ke2 Qg4 24.Kf1 Qh3+ 25.Ke2  1/2-1/2

[Event "59th ch-RUS w HL"]
[Site "Voronezh RUS"]
[Date "2009.06.04"]
[Round "4"]
[White "Shaidullina,S"]
[Black "Severiukhina,Z"]
[Result "0-1"]
[WhiteElo "2235"]
[BlackElo "2332"]

1.d4 Nf6 2.c4 e6 3.Nc3 Bb4 4.Qc2 O-O 5.a3 Bxc3+ 6.Qxc3 Ne4 7.Qc2 f5 8.Nh3 d6
9.f3 Nf6 10.Bg5 e5 11.d5 c6 12.Rd1 cxd5 13.Rxd5 Be6 14.Rb5 b6 15.e3 Nbd7
16.Bd3 Qc7 17.O-O a6 18.Rb3 Nc5 19.Rc3 Rac8 20.Be2 h6 21.Bxf6 Rxf6 22.Nf2 a5
23.Nd3 Nd7 24.Rc1 Nb8 25.b4 Nc6 26.Rb1 f4 27.b5 Ne7 28.exf4 exf4 29.Qd2 Ng6
30.Rbc1 Rcf8 31.Qe1 Bf5 32.Qf2 Re8 33.Bf1 Re3 34.g4 Bxd3 35.Bxd3 Ne5 36.Be4 Rxe4
37.fxe4 Nxg4 38.Qd4 Rg6 39.Kh1 Qe7 40.Rf1 Qh4 41.Qd2 Ne3 42.Rxe3 fxe3 43.Qxe3 Re6
44.Rf4 Qg5 45.h4 Qe5 46.Rg4 Rf6 47.Qd3 Kh8 48.Qe3 Rf1+ 49.Kg2 Rb1 50.Rf4 a4
51.Qg3 Rb2+ 52.Kh3 Qe6+ 53.Qg4 Rb3+ 54.Kg2 Qxg4+ 55.Rxg4 Rxa3 56.Rg6 Rd3
57.e5 a3 58.Re6 a2 59.Re8+ Kh7 60.Ra8 Rd2+ 61.Kf3 dxe5 62.h5 Rc2 63.Ra4 Rxc4
64.Rxa2 Rb4 65.Ra6 e4+ 66.Kf4 Rxb5 67.Kxe4 Rxh5 68.Rxb6 Ra5 69.Kf3 Ra4 70.Kg3 h5
71.Rd6 g6 72.Rd5 Kh6 73.Rd6 h4+ 74.Kh3 Kh5 75.Rd8 Ra3+ 76.Kh2 g5 77.Rd2 h3
78.Rd8 Kh4 79.Rh8+ Kg4 80.Rb8 Ra2+ 81.Kg1 Kh4 82.Rb5 g4 83.Rc5 Rg2+ 84.Kh1 Re2
85.Kg1 Kg3 86.Rc3+ Kf4 87.Rc4+ Kf3 88.Rc3+ Re3 89.Rc1 g3 90.Rf1+ Kg4 91.Ra1 h2+
92.Kg2 Re2+ 93.Kh1 Kh3  0-1

[Event "National Open"]
[Site "Las Vegas USA"]
[Date "2009.06.07"]
[Round "6"]
[White "Holt,C"]
[Black "Kraai,J"]
[Result "0-1"]
[WhiteElo "2289"]
[BlackElo "2488"]

1.d4 Nf6 2.c4 e6 3.Nc3 Bb4 4.Qc2 O-O 5.a3 Bxc3+ 6.Qxc3 b6 7.Nf3 Bb7 8.e3 d6
9.Be2 Nbd7 10.O-O Ne4 11.Qc2 f5 12.b4 Rf6 13.Ne1 Rh6 14.g3 Qg5 15.Ng2 Ndf6
16.f3 Qh5 17.Nh4 Ng5 18.d5 Nh3+ 19.Kg2 g5 20.Kxh3 gxh4 21.g4 fxg4+ 22.fxg4 Qe5
23.Qb2 Ne4 24.Qxe5 dxe5 25.Bd3 Ng5+ 26.Kg2 e4 27.Be2 Nf3 28.Bxf3 exf3+ 29.Rxf3 exd5
30.cxd5 Rg6 31.Kh3 Bxd5 32.Rf4 h5 33.gxh5 Be6+ 34.Kxh4 Rg2 35.h3 Rh2 36.Rf3 Rf8
37.Rg3+ Kh7 38.e4 Rf1 39.Bb2 Rf4+ 40.Kg5 Rxe4 41.Rc1 c5 42.Ba1 Rf2 43.Rg4 Bxg4
44.hxg4 Rg2 45.bxc5 Rgxg4+ 46.Kf5 Rgf4+ 47.Kg5 Rc4 48.Rxc4 Rxc4 49.cxb6 axb6
50.Kf6 Kh6 51.Ke5 Kxh5 52.Bd4 b5 53.Kd5 Rc8 54.Ke4 Kg6 55.Kd3 Kf5 56.Bc3 Ke6
57.Kc2 Kd5 58.Kb3 Ra8 59.Bd2 Ra4 60.Bb4 Kc6 61.Kc3 Ra8 62.Kb3 Re8 63.Bc3 Re4
64.Bd2 Rg4 65.Bc3 Rg1 66.Bd2 Rb1+ 67.Kc2 Ra1 68.Kb2 Rd1 69.Kc2 Rh1 70.Kb3 Rh4
71.Bc3 Rh3 72.Kb4 Rg3 73.Bd2 Rd3 74.Bc3 Rh3 75.Bd2 Rh1 76.Kb3 Kc5 77.Bb4+ Kd4
78.Bc3+ Kd3 79.Bf6 Rb1+ 80.Bb2 Kd2 81.Ka2 Kc2 82.Bf6 Rb3 83.Bg7 Rh3 84.Be5 Kd3
85.Kb3 Rh1 86.Bf6 Rb1+ 87.Bb2 Kd2 88.Ka2 Kc2 89.Bf6 Rf1 90.Be7 Kc3 91.a4 b4
92.Bc5 b3+ 93.Ka3 Ra1+  0-1

[Event "Open"]
[Site "Brescia ITA"]
[Date "2009.06.08"]
[Round "3"]
[White "Grigore,Ge"]
[Black "Brunello,S"]
[Result "1-0"]
[WhiteElo "2542"]
[BlackElo "2477"]

1.d4 Nf6 2.c4 e6 3.Nc3 Bb4 4.Qc2 O-O 5.a3 Bxc3+ 6.Qxc3 b6 7.Bg5 Bb7 8.Nf3 d6
9.e3 Nbd7 10.Nd2 Rc8 11.f3 c5 12.b4 h6 13.Bh4 Re8 14.Qb2 Qc7 15.Be2 e5 16.dxc5 dxc5
17.O-O cxb4 18.axb4 a5 19.Rfb1 Bc6 20.e4 Nh5 21.Nf1 Nf4 22.Ne3 axb4 23.Bf1 Ra8
24.Qxb4 Rxa1 25.Rxa1 Ra8 26.Rd1 Ba4  1-0

[Event "XXVII Open A"]
[Site "Balatonlelle HUN"]
[Date "2009.06.14"]
[Round "2"]
[White "Balazs,G2"]
[Black "Nemeth,Mi1"]
[Result "1/2-1/2"]
[WhiteElo "2270"]
[BlackElo "2472"]

1.d4 Nf6 2.c4 e6 3.Nc3 Bb4 4.Qc2 O-O 5.a3 Bxc3+ 6.Qxc3 b6 7.Bg5 Ba6 8.e3 d6
9.Bd3 Nbd7 10.Ne2 h6 11.Bh4 c5 12.b4 Rc8 13.dxc5 bxc5 14.b5 Bb7 15.O-O Qc7
16.Rfd1 Rfe8 17.Bg3 e5 18.Bc2 a6 19.a4 d5 20.cxd5 Nxd5 21.Qc4 axb5 22.axb5 N7f6
23.Nc3 Nxc3 24.Qxc3 Ne4 25.Bxe4  1/2-1/2

[Event "13th Open"]
[Site "Voronezh RUS"]
[Date "2009.06.14"]
[Round "3"]
[White "Bryzgalin,K"]
[Black "Nukin,A"]
[Result "0-1"]
[WhiteElo "2497"]
[BlackElo "2343"]

1.d4 Nf6 2.c4 e6 3.Nc3 Bb4 4.Qc2 O-O 5.a3 Bxc3+ 6.Qxc3 b5 7.e3 bxc4 8.Bxc4 Bb7
9.Nf3 d6 10.O-O a5 11.b3 Nbd7 12.Bb2 Qe7 13.Rfc1 Rfc8 14.Qe1 c5 15.a4 Bxf3
16.gxf3 cxd4 17.Bxd4 e5 18.Bb2 e4 19.f4 Nc5 20.Qd1 Qd7 21.Rc2 Nd3 22.Bxd3 exd3
23.Rxc8+ Rxc8 24.Bxf6 gxf6 25.Qxd3 Qg4+ 26.Kf1 Qh3+ 27.Ke2 Qh5+ 28.Kd2 Qxh2
29.Qe2 Qg2 30.e4 h5 31.Re1 h4 32.f3 Qg3 33.Qe3 Kf8 34.e5 d5 35.exf6 Qg6 36.Rc1 Qg2+
37.Kd3 Qg6+ 38.Kd2 Rxc1 39.Kxc1 Qxf6 40.f5 h3 41.Qf4 Qc3+ 42.Kb1 Qxb3+ 43.Ka1 Qa3+  0-1

[Event "XXVII Open A"]
[Site "Balatonlelle HUN"]
[Date "2009.06.17"]
[Round "5"]
[White "Gonda,L"]
[Black "Horvath,Ad1"]
[Result "0-1"]
[WhiteElo "2522"]
[BlackElo "2519"]

1.d4 Nf6 2.c4 e6 3.Nc3 Bb4 4.Qc2 O-O 5.a3 Bxc3+ 6.Qxc3 d5 7.Bg5 c5 8.cxd5 cxd4
9.Qxd4 Nc6 10.Qd2 exd5 11.Nf3 h6 12.Bxf6 Qxf6 13.e3 d4 14.Nxd4 Rd8 15.Be2 Nxd4
16.exd4 Rxd4 17.Qc3 Bd7 18.O-O Rc8 19.Qb3 b6 20.Rac1 Rd2 21.Rxc8+ Bxc8 22.Bc4 Bb7
23.Qg3 Qc6 24.Bb5 Qd5 25.b3 Qxb5 26.Qb8+ Kh7 27.Qxb7 Qxb3 28.Qxa7 Ra2 29.Qb7 g6
30.h4 h5 31.Qe4 Qxa3 32.Qd5 Qa7 33.Kh2 Ra5 34.Qd4 b5 35.Qb4 Qb8+ 36.g3 Ra4
37.Qe7 Qa7 38.Qf6 Ra6 39.Qf4 Ra4 40.Qf6 Ra6 41.Qf4 Ra2 42.Kg2 Qb7+ 43.Qf3 Ra7
44.Rb1 b4 45.Qxb7 Rxb7 46.Rb3 Kg7 47.Kf3 Kf6 48.Ke4 g5 49.hxg5+ Kxg5 50.Kd5 Rd7+
51.Kc4 Rc7+ 52.Kd3 Rb7 53.Ke4 f5+ 54.Kd5 Rb8 55.Kd6 Rd8+ 56.Ke5 Re8+ 57.Kd5 Re2
58.Rxb4 Rxf2 59.Rb8 Rd2+ 60.Ke5 Re2+ 61.Kd5 Re4 62.Rg8+ Kf6 63.Rf8+ Kg6 64.Rg8+ Kf7
65.Rg5 Kf6 66.Rxh5 Re3 67.Rh3 Kg5 68.Kd4 Ra3 69.Ke5 Kg4 70.Rh8 Ra5+ 71.Kd4 Kxg3
72.Kd3 f4 73.Rg8+ Kf2 74.Rb8 f3 75.Rb2+ Kg1  0-1

[Event "13th Master Open"]
[Site "Voronezh RUS"]
[Date "2009.06.17"]
[Round "6"]
[White "Khismatullin,D"]
[Black "Zakhartsov,Vi"]
[Result "1/2-1/2"]
[WhiteElo "2601"]
[BlackElo "2550"]

1.d4 Nf6 2.c4 e6 3.Nc3 Bb4 4.Qc2 O-O 5.a3 Bxc3+ 6.Qxc3 d6 7.Bg5 Nbd7 8.f3 b6
9.e4 c5 10.Nh3 h6 11.Be3 Ba6 12.Rd1 Qc7 13.dxc5 bxc5 14.Qd2 Ne8 15.Be2 Rb8
16.Qc2 Ne5 17.O-O Nc6 18.Nf4 Nf6 19.Qa4 Bc8 20.b4 Nd4 21.Bxd4 cxd4 22.Rxd4 Qb6
23.c5 dxc5 24.bxc5 Qxc5 25.Nd3 Qb6 26.Nf2 a5 27.Rfd1 Bb7 28.Kf1 Bc6 29.Qc2 Bb5
30.Rd6 Bxe2+ 31.Kxe2 Qb5+ 32.Qd3 Qh5 33.h3 Qc5 34.Qe3 Rb2+ 35.R6d2 Qb5+ 36.Qd3 Rxd2+
37.Rxd2 Qg5 38.g4  1/2-1/2

[Event "XXVII Open A"]
[Site "Balatonlelle HUN"]
[Date "2009.06.18"]
[Round "6"]
[White "Fodor,T jr"]
[Black "Csiszar,C"]
[Result "1-0"]
[WhiteElo "2411"]
[BlackElo "2450"]

1.d4 Nf6 2.c4 e6 3.Nc3 Bb4 4.Qc2 O-O 5.e4 c5 6.e5 cxd4 7.a3 Qa5 8.exf6 dxc3
9.axb4 Qxa1 10.fxg7 Kxg7 11.Qxc3+ f6 12.Bd3 Nc6 13.Nf3 a5 14.O-O axb4 15.Qd2 Kf7
16.Bxh7 Ne7 17.Qd4 Ke8 18.h4 Qa5 19.c5 b6 20.Qg4 bxc5 21.Bh6 d6 22.Bxf8 Kxf8
23.Qh5 Ra7 24.Qh6+ Kf7 25.h5 e5 26.Bg6+ Ke6 27.Qf8 Ba6 28.Rd1 Be2 29.Bf7+ Kf5
30.Rxd6 Bxf3 31.gxf3  1-0

[Event "13th Master Open"]
[Site "Voronezh RUS"]
[Date "2009.06.20"]
[Round "9"]
[White "Bryzgalin,K"]
[Black "Airapetian,G"]
[Result "1/2-1/2"]
[WhiteElo "2497"]
[BlackElo "2369"]

1.d4 Nf6 2.c4 e6 3.Nc3 Bb4 4.Qc2 O-O 5.a3 Bxc3+ 6.Qxc3 b6 7.Nf3 Bb7 8.g3 d6
9.Bg2 a5 10.b3 Nbd7 11.O-O Qe7 12.Bb2 Rfe8 13.Rad1 Be4 14.Rfe1 h6 15.Bf1 Bh7
16.Bg2  1/2-1/2

[Event "zt 3.4"]
[Site "Tashkent UZB"]
[Date "2009.06.24"]
[Round "12"]
[White "Pak,Y"]
[Black "Kvon,A"]
[Result "1/2-1/2"]
[WhiteElo "2328"]
[BlackElo "2425"]

1.d4 Nf6 2.c4 e6 3.Nc3 Bb4 4.Qc2 O-O 5.a3 Bxc3+ 6.Qxc3 b6 7.Bg5 Ba6 8.e3 d6
9.Rd1 h6 10.Bxf6 Qxf6 11.Nf3 Nd7 12.Be2 c5 13.Qc2 Bb7 14.dxc5 Nxc5 15.Rxd6 Rfd8
16.Rd4 e5 17.Rxd8+ Rxd8 18.O-O Bxf3 19.Bxf3 e4 20.Bxe4 Nxe4 21.Qxe4 Qxb2
22.Qe7 Rc8 23.Qd7 Rc5 24.Qe8+ Kh7 25.Qxf7 Qxa3 26.Qe7 Qa4 27.Qe4+  1/2-1/2

[Event "VI Moncada Elite"]
[Site "Santiago de Cuba CUB"]
[Date "2009.06.25"]
[Round "11"]
[White "Diaz Ordonez,C"]
[Black "Bruzon Batista,L"]
[Result "0-1"]
[WhiteElo "2347"]
[BlackElo "2617"]

1.d4 Nf6 2.c4 e6 3.Nc3 Bb4 4.Qc2 O-O 5.a3 Bxc3+ 6.Qxc3 Ne4 7.Qc2 f5 8.e3 b6
9.b4 a5 10.b5 Bb7 11.Bb2 d6 12.O-O-O Nd7 13.f3 Nef6 14.Ne2 Qe7 15.Ng3 d5
16.Kb1 c5 17.bxc6 Bxc6 18.e4 fxe4 19.fxe4 dxe4 20.d5 Bb7 21.Nxe4 Nxe4 22.Qxe4 Nc5
23.Qe3 Rae8 24.d6 Qh4 25.Be2 Qe4+ 26.Qxe4 Bxe4+ 27.Ka1 Rf2 28.Bf3 Bxf3 29.gxf3 Rxf3
30.Rhg1 g6 31.Rgf1 Rxf1 32.Rxf1 e5 33.Ka2 Rf8 34.Rxf8+ Kxf8 35.Bxe5 Kf7 36.Bg3 Ke6
37.Kb2 g5 38.h3 h5 39.Bh2 h4 40.Bg1 Kxd6 41.Be3 g4 42.hxg4 Ke5 43.Kc2 h3
44.Bg1 Kf4 45.g5 Kxg5 46.Kc3 Kf4 47.Bh2+ Ke4 48.Bb8 Kf3 49.Kd4 Ne6+  0-1

[Event "ZMD Open"]
[Site "Dresden GER"]
[Date "2009.07.02"]
[Round "9"]
[White "Bluebaum,J"]
[Black "Ghader Pour,S"]
[Result "0-1"]
[WhiteElo "2008"]
[BlackElo "2172"]

1.d4 Nf6 2.c4 e6 3.Nc3 Bb4 4.Qc2 O-O 5.a3 Bxc3+ 6.Qxc3 b6 7.Bg5 Bb7 8.e3 d6
9.Ne2 Nbd7 10.Qd3 d5 11.cxd5 exd5 12.Nc3 c5 13.Be2 c4 14.Qf5 b5 15.O-O Qb6
16.Bf3 g6 17.Qh3 a6 18.Nxd5 Bxd5 19.Bxd5 Nxd5 20.Qxd7 Nf6 21.Bxf6 Qxf6 22.Rac1 Rfd8
23.Qg4 Rac8 24.Rfd1 Rc7 25.Rd2 Rdc8 26.Rdc2 a5 27.Qf3 Qd6 28.Qe2 Kg7 29.a4 bxa4
30.Rxc4 Rxc4 31.Rxc4 Qa6  0-1

[Event "Petr Izmailov Mem"]
[Site "Tomsk RUS"]
[Date "2009.07.02"]
[Round "9"]
[White "Latyev,V"]
[Black "Zenzera,A"]
[Result "0-1"]
[WhiteElo "1855"]
[BlackElo "2085"]

1.d4 Nf6 2.c4 e6 3.Nc3 Bb4 4.Qc2 O-O 5.Nf3 b6 6.e3 Bb7 7.Bd3 d6 8.Bd2 c5
9.a3 Bxc3 10.Bxc3 cxd4 11.exd4 d5 12.cxd5 Qxd5 13.O-O-O Nbd7 14.Ne5 Rfc8
15.f3 Nf8 16.g4 Qa2 17.Kd2 Bd5 18.Ra1 Qb3 19.g5 Qxc2+ 20.Bxc2 N6d7 21.Ke3 Nxe5
22.dxe5 Nd7 23.Rhd1 Nc5 24.Bb4 a5 25.Bc3 Bb3 26.Bxb3 Nxb3 27.Rab1 Rd8 28.Rd6 Rxd6
29.exd6 Rd8 30.Rd1 Kf8 31.Be5 Nc5 32.b4 axb4 33.axb4 Nd7 34.f4 f6 35.Bc3 Rc8
36.Rd3 fxg5 37.fxg5 Kf7 38.Bb2 Rc2 39.Rd2 Rxd2 40.Kxd2 b5 41.Ke3 e5 42.Ke4 Ke6
43.h4 g6 44.Ba1 Kxd6 45.Bb2 Ke6 46.Ba1 Nb6 47.Bxe5 Nd5 48.Bg7 Nxb4 49.Kf4 Kd5
50.h5 gxh5 51.Kg3 Nd3 52.Bh8 Ne5 53.Bg7 b4 54.Bf8 b3 55.Ba3 Ng6 56.Kf3 h4
57.Kg2 Kc4  0-1

[Event "37th Greek Teams"]
[Site "Kallithea GRE"]
[Date "2009.07.05"]
[Round "5"]
[White "Likavsky,T"]
[Black "Nikolaidis,I"]
[Result "1/2-1/2"]
[WhiteElo "2484"]
[BlackElo "2529"]

1.d4 Nf6 2.c4 e6 3.Nc3 Bb4 4.Qc2 O-O 5.a3 Bxc3+ 6.Qxc3 b6 7.Bg5 Bb7 8.e3 d6
9.f3 Nbd7 10.Nh3 c5 11.Nf2 h6 12.Bh4 Qc7 13.Be2 d5 14.dxc5 Qxc5 15.b4 Qc7
16.Rc1 Rfc8 17.Qb2 Qe5 18.Qd2 dxc4 19.Bxc4 b5 20.Bg3 Qg5 21.Be2 Rxc1+ 22.Qxc1 Rc8
23.Qd2 Nb6 24.O-O Nc4 25.Bxc4 bxc4 26.Rc1 c3 27.Rxc3 Rxc3 28.Qxc3 Nd5 29.Qd4 Qxe3
30.Qxe3 Nxe3 31.Nd3 Bc6 32.Bf4 Nc4 33.Bc1 e5 34.Nc5 f6 35.a4 a6 36.Kf2  1/2-1/2

[Event "37th Greek Teams"]
[Site "Kallithea GRE"]
[Date "2009.07.05"]
[Round "5"]
[White "Diasakos,D"]
[Black "Kousidis,V"]
[Result "0-1"]
[WhiteElo "1690"]
[BlackElo "1851"]

1.d4 e6 2.c4 Nf6 3.Nc3 Bb4 4.Qc2 O-O 5.Bg5 h6 6.Bh4 d6 7.e3 Nc6 8.Bd3 Qe7
9.Ne2 e5 10.O-O g5 11.Bg3 Bxc3 12.Qxc3 e4 13.Bc2 Nh5 14.d5 Nb8 15.Nd4 f5
16.Bd1 Ng7 17.h4 c5 18.dxc6 bxc6 19.Ba4 Bb7 20.Rad1 g4 21.Rd2 a6 22.Rfd1 c5
23.Nb3 Ne6 24.Rxd6 Nd4 25.Rg6+ Kh7 26.Rxh6+ Kxh6 27.exd4 cxd4 28.Qxd4 Qf6
29.Qxf6+ Rxf6 30.Rd8 Nc6 31.Rxa8 Bxa8 32.Bxc6 Rxc6 33.c5  0-1

[Event "ch-SUI"]
[Site "Graechen SUI"]
[Date "2009.07.10"]
[Round "2"]
[White "Regez,M"]
[Black "Benkovic,P"]
[Result "0-1"]
[WhiteElo "2221"]
[BlackElo "2456"]

1.d4 Nf6 2.c4 e6 3.Nc3 Bb4 4.Qc2 O-O 5.a3 Bxc3+ 6.Qxc3 b6 7.Bg5 Ba6 8.e3 h6
9.Bh4 d6 10.Nf3 Nbd7 11.Bd3 c5 12.Qc2 cxd4 13.exd4 Rc8 14.Qa4 Bb7 15.Be2 g5
16.Bg3 Ne4 17.Ng1 Bc6 18.Qd1 Qf6 19.f3 Nxg3 20.hxg3 d5 21.cxd5 Bxd5 22.Nh3 Qg7
23.Nf2 f5 24.Qd2 Nb8 25.Nd3 Nc6 26.Ne5 Nxe5 27.dxe5 Qxe5 28.Rxh6 Qxg3+ 29.Kf1 Kg7
30.Rh3 Qf4 31.Qb4 Qxb4 32.axb4 Rf7 33.Bd3 Bc4 34.Ke2 Bxd3+ 35.Kxd3 Rd7+ 36.Ke3 f4+
37.Ke4 Rd5 38.Rxa7+ Kg6 39.b3 Rc3  0-1

[Event "LTC Open A"]
[Site "Leiden NED"]
[Date "2009.07.10"]
[Round "1"]
[White "Luch,M"]
[Black "Noordkamp,W"]
[Result "1-0"]
[WhiteElo "2415"]
[BlackElo "2013"]

1.d4 Nf6 2.c4 e6 3.Nc3 Bb4 4.Qc2 O-O 5.a3 Bxc3+ 6.Qxc3 b6 7.Bg5 Bb7 8.f3 d5
9.e3 Nbd7 10.cxd5 exd5 11.Bd3 Re8 12.Ne2 h6 13.Bh4 Qe7 14.Bf2 Rac8 15.O-O Nf8
16.b4 Ne6 17.Qd2 c5 18.Rab1 c4 19.Bc2 b5 20.Nc3 Nc7 21.Rfe1 Qd7 22.e4 dxe4
23.fxe4 Ng4 24.Bg3 Ne6 25.Rbd1 Rcd8 26.d5 Nf6 27.Qf2 Nf8 28.Bh4 Ng4 29.Qc5 g5
30.Bg3 a6 31.e5 h5 32.e6 fxe6 33.dxe6 Qg7 34.Rxd8 Rxd8 35.e7  1-0

[Event "19th Heart of Finland Open"]
[Site "Jyvaskyla FIN"]
[Date "2009.07.11"]
[Round "8"]
[White "Gladyszev,O"]
[Black "Valner,U"]
[Result "1/2-1/2"]
[WhiteElo "2447"]
[BlackElo "2176"]

1.d4 e6 2.c4 Nf6 3.Nc3 Bb4 4.Qc2 O-O 5.a3 Bxc3+ 6.Qxc3 b6 7.Bg5 Bb7 8.f3 d6
9.e4 c5 10.d5 exd5 11.Bxf6 Qxf6 12.Qxf6 gxf6 13.exd5 Re8+ 14.Kd2 b5 15.b3 bxc4
16.bxc4 Ba6 17.Rc1 Nd7 18.Ne2 Rab8 19.Ng3 Rb2+ 20.Rc2 Rxc2+ 21.Kxc2 Re3 22.Nf5 Rxa3
23.Kb2 Ra4 24.Nxd6 Nb6 25.Ne4 Bxc4 26.Bxc4 Rxc4 27.Ra1 Nxd5 28.Rxa7 Rd4 29.Rd7 Ne3
30.Nxc5 Rxd7 31.Nxd7 Nxg2 32.Nxf6+ Kg7 33.Ne4 Nh4 34.Nd2 Kg6 35.Kc2 Kg5  1/2-1/2

[Event "8th Open"]
[Site "La Fere FRA"]
[Date "2009.07.11"]
[Round "9"]
[White "Broekman,W"]
[Black "Wirig,A"]
[Result "0-1"]
[WhiteElo "2129"]
[BlackElo "2491"]

1.d4 Nf6 2.c4 e6 3.Nc3 Bb4 4.Qc2 O-O 5.a3 Bxc3+ 6.Qxc3 Qe8 7.b3 d6 8.Bb2 a5
9.f3 Nfd7 10.Nh3 e5 11.Nf2 Nc6 12.d5 Ne7 13.g4 Nc5 14.e4 c6 15.Nd3 b6 16.Be2 cxd5
17.cxd5 Ng6 18.h4 Nxd3+ 19.Bxd3 Bd7 20.a4 Rc8 21.Qd2 Nf4 22.Ba6 Ra8 23.Bc4 h5
24.Ba3 Qe7 25.g5 Rfb8 26.Bc1 b5 27.axb5 Bxb5 28.Rxa5 Bxc4 29.Rxa8 Rxa8 30.bxc4 Ra1
31.c5 Rxc1+  0-1

[Event "ch-SCO"]
[Site "Edinburgh SCO"]
[Date "2009.07.13"]
[Round "3"]
[White "Farrell,N"]
[Black "McClement,A"]
[Result "1-0"]
[WhiteElo "2191"]
[BlackElo "1893"]

1.d4 Nf6 2.c4 e6 3.Nc3 Bb4 4.Qc2 O-O 5.a3 Bxc3+ 6.Qxc3 b6 7.Bg5 Ba6 8.Qf3 Nc6
9.e3 Bb7 10.Rd1 d6 11.Bd3 h6 12.h4 Na5 13.Qh3 c5 14.Ne2 Rc8 15.dxc5 bxc5
16.Nf4 Nc6 17.Nh5 Qa5+ 18.b4 Nxb4 19.Nxf6+ gxf6 20.axb4 Qxb4+ 21.Rd2 fxg5
22.hxg5 f5 23.Qxh6 Rc7 24.Qh8+ Kf7 25.Qh7+ Ke8 26.Qxc7 Qb6 27.Qxb6 axb6 28.f4 Rf7
29.Rb2 Kf8 30.Rh8+ Kg7 31.Rb8 Rd7 32.Kf2 Bc6 33.R2xb6 Rc7 34.Rd8 d5 35.Rd6 Bd7
36.cxd5 exd5 37.Rxd5 Be8 38.Bxf5 c4 39.Rd1 c3 40.Be4  1-0